Event marketing a jeho využitie v oblasti kultúrnych produktov

Event marketing predstavuje účinný nástroj na budovanie imidžu alebo podporu budovania značky. Využitie a členenie event marketingu. Komunikačný nástroj, ktorý je možné uplatniť aj v oblasti umenia a galérií. Prípadová štúdia - využitie event marketingu v oblasti kultúry.

Na minha lista:
Detalhes bibliográficos
Autor principal: Režnáková, Eva
Formato: Capítulo de Livro
Idioma:eslovaco
Assuntos:
Tags: Adicionar Tag
Sem tags, seja o primeiro a adicionar uma tag!

MARC

LEADER 00000nla$a2200000$$$4500
001 0147217
005 20221103134509.9
041 0 |a slo 
044 |a SK 
245 1 0 |a Event marketing a jeho využitie v oblasti kultúrnych produktov  |c Eva Režnáková 
520 |a Event marketing predstavuje účinný nástroj na budovanie imidžu alebo podporu budovania značky. Využitie a členenie event marketingu. Komunikačný nástroj, ktorý je možné uplatniť aj v oblasti umenia a galérií. Prípadová štúdia - využitie event marketingu v oblasti kultúry. 
610 2 0 |a marketing 
610 2 0 |a event marketing 
610 2 0 |a nástroje marketingové 
610 2 0 |a komunikácia marketingová 
610 2 0 |a marketing mix 
610 2 0 |a skupiny cieľové 
610 2 0 |a kultúra 
610 2 0 |a umenie 
100 1 |a Režnáková, Eva